| 000 | 01529nam a2200373Ia 4500 | ||
|---|---|---|---|
| 001 | ebr10150442 | ||
| 003 | CaPaEBR | ||
| 006 | m u | ||
| 007 | cr cn||||||||| | ||
| 008 | 051123s2006 nyu sb 001 0 eng d | ||
| 010 | _z 2005056675 | ||
| 020 | _z1403983151 | ||
| 020 | _z140396873X (HB) | ||
| 020 | _z1403968748 (PB) | ||
| 040 |
_aCaPaEBR _cCaPaEBR |
||
| 035 | _a(OCoLC)567962816 | ||
| 050 | 1 | 4 |
_aLD3763 _b.L83 2006eb |
| 082 | 0 | 4 |
_a378.793/55 _222 |
| 100 | 1 | _aLucas, Brad. | |
| 245 | 1 | 0 |
_aRadicals, rhetoric, and the war _h[electronic resource] : _bthe University of Nevada in the wake of Kent State / _cBrad E. Lucas. |
| 260 |
_aNew York : _bPalgrave Macmillan, _c2006. |
||
| 300 | _axii, 207 p. | ||
| 490 | 1 | _aPalgrave studies in oral history | |
| 504 | _aIncludes bibliographical references and index. | ||
| 533 |
_aElectronic reproduction. _bPalo Alto, Calif. : _cebrary, _d2009. _nAvailable via World Wide Web. _nAccess may be limited to ebrary affiliated libraries. |
||
| 610 | 2 | 0 |
_aUniversity of Nevada, Reno _xHistory _y20th century. |
| 650 | 0 |
_aCollege students _zNevada _xPolitical activity _xHistory _y20th century. |
|
| 650 | 0 |
_aVietnam War, 1961-1975 _xProtest movements _zNevada. |
|
| 650 | 0 | _aKent State Shootings, Kent, Ohio, 1970. | |
| 655 | 7 |
_aElectronic books. _2local |
|
| 710 | 2 | _aebrary, Inc. | |
| 830 | 0 | _aPalgrave studies in oral history. | |
| 856 | 4 | 0 |
_uhttp://site.ebrary.com/lib/rucke/Doc?id=10150442 _zAn electronic book accessible through the World Wide Web; click to view |
| 999 |
_c202938 _d202938 |
||